| 000 | 00513nam a22001817a 4500 | ||
|---|---|---|---|
| 005 | 20231222124518.0 | ||
| 008 | 231222b |||||||| |||| 00| 0 eng d | ||
| 020 | _a978-0-521-49767-1 | ||
| 082 |
_a428.0076 _bJAK |
||
| 100 | _aJakeman, Vanessa | ||
| 245 |
_aCambridge English IELTS-1: _bpractice test/ _cJakeman, Vanessa; McDowell,Clare; |
||
| 260 |
_aUK _bCambridge _c2002 |
||
| 300 | _a154 | ||
| 500 | _aWith Answers (Set of 17 Vol). | ||
| 650 | _aEnglish Language | ||
| 700 | _aMcDowell,Clare | ||
| 999 |
_c34946 _d34946 |
||